Statistics for Colleges Scramble

Click here to take the quiz!

General Stats

  • This quiz has been taken 31 times
  • The average score is 14 of 16

Answer Stats

HintAnswer% Correct
uekdduke
100%
tmimit
100%
taxestexas
100%
eroggotewngeorgetown
97%
ecirrice
97%
layeyale
97%
rifoldaflorida
93%
lcuaucla
93%
gihimcanmichigan
90%
rinigivavirginia
90%
zonggaagonzaga
86%
iohotasteohio state
79%
myraarmy
76%
liamuocbcolumbia
66%
blintaverdvanderbilt
52%
fantsrdostanford
45%

Score Distribution

Percentile by Number Answered

Percent of People with Each Score

Your Score History

You have not taken this quiz